000 00535nam a2200169 i 4500
001 55287
003 ES-MaACL
005 20230906163119.0
007 t|
008 030917s1932 fr |||| | fre d
100 1 _aDemont, Henri.
_943663
245 1 0 _aPour supprimer ce crime
_b: la guerre /
_cplan Henri Demont de 1908 développé et proposé aux alliés en 1918.
260 _aParis :
_b[s.n.],
_c1932 (
_fImp. Jos)
300 _a274 p. ;
_c18 cm.
650 0 4 _aGuerra mundial, 1914-1918-
_xPaz.
_913225
852 _aES-MaACL
_jA-2890
999 _c55287
_d55287